00710nam a2200241 a 4500001001300000003000900013005001700022008004100039020002300080082001500103100002200118245005700140260003400197300000900231500003500240505001000275650001300285700002200298902000800320942000700328952011600335999001700451nice12345678IN_TiNIC20260116014210.0090324s2007 dela grp 000 0 eng  a8176257540 c30000a305.4bSHU aShukla, Bhaskar A aFeminismb from Mary Wollstonecraft to Betty Friedan aDelhi bSarup and Sons c2007 a134p aincludes index and biblioraphy2 aindex aFeminism1 aShukla, Bhaskar A bSRS cBK 001040708StackRoom-aHMIbHMId2009-03-24g300.00l0o305.4 SHUp022702r2009-03-24v300.00w2009-03-24yBK c14287d14287